000 00338nam a22001217a 4500
008 250304b |||||||| |||| 00| 0 eng d
020 _a9783906390673
100 _aEgli Martin
245 _aChmistry and Biology of Nucleic Acids
260 _aSwitzerland
_bVerlag Helvetica Chemical Acta,Zurich.[VCHA]
_c2012
300 _a2012
942 _cBK
999 _c2084
_d2084